[Event "Voronezh op-B 23rd"]
[Site "Voronezh"]
[Date "2019.06.17"]
[Round "6"]
[White "Gusev, Dmitri"]
[Black "Hussain, Hashem"]
[Result "1-0"]
[WhiteElo "1806"]
[BlackElo "1673"]
[PlyCount "53"]
[EventDate "2019.06.12"]
[EventType "swiss"]
[EventRounds "9"]
[EventCountry "RUS"]
[SourceTitle "EXT 2020"]
[Source "ChessBase"]
[SourceDate "2019.10.17"]
[SourceVersion "1"]
[SourceVersionDate "2019.10.17"]
[SourceQuality "1"]

1. e4 c5 2. Nf3 g6 3. d4 cxd4 4. Nxd4 Bg7 5. c4 Nc6 6. Be3 Nf6 7. Nc3 d6 8. Be2 0-0 9. f3 Bd7 10. Qd2 Nxd4 11. Bxd4 Bc6 12. 0-0 Nd7 13. Be3 a5 14. Rac1 Nc5 15. Qc2 Ne6 16. Rfd1 Nd4 17. Rxd4 Bxd4 18. Bxd4 e5 19. Be3 f5 20. Bh6 Qb6+ 21. Kh1 Rf7 22. Nb5 Bxb5 23. cxb5 Kh8 24. Qb3 Rc7 25. Rxc7 Qxc7 26. Qe6 Qd8 27. Qf7 1-0